000 00718nam a2200229 a 4500
001 BRL_1108
005 20190320211034.0
008 121113s1962----mx-ao#####---#000-0#spa-#
041 _aspa
044 _amx
050 4 _aF1220
_b.C46 1962
245 1 0 _aLos Centros Coordinadores Indigenistas
_cFotos de Nacho López.
260 _aMéxico
_bInstituto Nacional Indigenísta
_c1962
300 _a166 p.
_bil.
_c23 cm.
500 _aAu1292
500 _aEd. conmemorativa el ocasion del xxxv congreso internacional de americanistas
650 1 4 _aAntropología social
_925812
650 1 4 _aIndígenas de México
_xCondiciones rurales
_925813
700 1 _aLópez, Nacho
_eil.
_925814
902 _aGRL
942 _2lcc
_cB
999 _c9920
_d9920